El Sepulcro de torre mediterráneo y sus relaciones con la tipología monumental / Carlos Cid Priego
Descripción Física:
p. 91-126, 6 p. de làm. : il ; 26 cm
Materias:
Tombes -- Mediterrània (Regió)
MARC
| LEADER | 00000nam a2200000Ia 4500 | ||
|---|---|---|---|
| 001 | 17555 | ||
| 008 | 160829s1949 xx 000 0 cat d | ||
| 080 | |a FU-2-29 | ||
| 100 | |a Cid Priego, Carlos |9 19791 | ||
| 245 | |a El Sepulcro de torre mediterráneo y sus relaciones con la tipología monumental / Carlos Cid Priego | ||
| 260 | |a Barcelona : |b [s.n.], |c 1949 | ||
| 300 | |a p. 91-126, 6 p. de làm. : |b il ; |c 26 cm | ||
| 590 | |a Separata de Ampurias, XI. | ||
| 590 | |a Prové de R.168 del currículum per la plaça de conservador del Museu Arqueològic, 1957 | ||
| 650 | |a Tombes |x Mediterrània (Regió) |9 46598 | ||
| 856 | 4 | |u https://media.diba.cat/diba/fitxers/arxiu/fulletons/bib_17555_baixa.pdf |y Accés lliure | |
| 856 | 4 | |u https://media.diba.cat/diba/fitxers/arxiu/fulletons/bib_17555_baixa.pdf |y Accés lliure | |
| 901 | |a Arxiu | ||
| 942 | |n 1 |2 udc | ||
| 952 | |0 0 |1 0 |4 0 |6 FU229 |7 1 |9 53304 |a Arxiu |b Arxiu |d 2016-12-01 |l 0 |o FU-2-29 |p 17555 |r 2016-12-01 00:00:00 |w 2016-12-01 |y ARXIU | ||
| 999 | |c 57168 |d 57168 | ||
| 900 | |a bib_17555_baixa.pdf | ||